Αρχαιολογικό έργο Θεσσαλίας και Στερεάς Ελλάδας : πρακτικά ε[ιστημονικής συνάντησης

Αποθηκεύτηκε σε:
Λεπτομέρειες βιβλιογραφικής εγγραφής
Συλλογικό Έργο: Υπουργείο Πολιτισμού, Πανεπιστήμιο Θεσσαλίας
Μορφή: Βιβλίο
Γλώσσα:Greek
Δημοσίευση: Βόλος : Υπουργείο Πολιτισμού;, Πανεπιστήμιο Θεσσαλονίκης, 2007
Θέματα:
Ετικέτες: Προσθήκη ετικέτας
Δεν υπάρχουν, Καταχωρήστε ετικέτα πρώτοι!

MARC

LEADER 00000cam a2200000 i 4500
001 1/46194
008 070614s2007 gre d
020 |a 960-89078-0-2 
035 |l 10088312 
040 |a GR-MY-UA  |b gre  |e aacr 
041 0 |a gre 
082 0 |a 733.309382  |2 (22) 
245 1 0 |a Αρχαιολογικό έργο Θεσσαλίας και Στερεάς Ελλάδας :  |b πρακτικά ε[ιστημονικής συνάντησης /  |c Υπουργείο Πολιτισμού, Πανεπιστήμιο Θεσσαλονίκης 
260 |a Βόλος :   |b Υπουργείο Πολιτισμού;,   |b Πανεπιστήμιο Θεσσαλονίκης,   |c 2007 
300 |a 2τ.;  |c 28 εκ. 
500 |a Πρακτικά επιστημονικής συνάντησης, Βόλος 27.2-2.3.2003 
504 |a Περιλαμβάνει βιβλιογραφίες. Ευρετήριο 
650 0 0 |a Archaeological surveys. 
651 0 |a Thessaly (Greece)  |x Antiquities. 
710 2 |a Υπουργείο Πολιτισμού. 
710 2 |a Πανεπιστήμιο Θεσσαλίας. 
852 |a INST  |b RHODES  |e 20070614  |h 733.309382 ΑΡΧ  |p 005400026490  |q 005400026490  |t BK  |y 0  |z τ.2 
852 |a INST  |b RHODES  |e 20070614  |h 733.309382 ΑΡΧ  |p 005400026491  |q 005400026491  |t BK  |y 0  |z τ.1 
852 |a INST  |b RHODES  |e 20070614  |h 733.309382 ΑΡΧ  |p 005400026490  |q 005400026490  |t BK  |v τ.2:  |y 0  |z τ.2 
852 |a INST  |b RHODES  |e 20070614  |h 733.309382 ΑΡΧ  |p 005400026491  |q 005400026491  |t BK  |v τ.1:  |y 0  |z τ.1 
853 |a INST  |b RHODES  |h 733.309382 ΑΡΧ 
901 |a BIBL4-2007-2 
909 |a Ρ  |b 127969 
970 |a ΜΙΣΣΟΣ  |b ΣΤΑΥΡΟΣ  |z 2007/06/14